[Event "10th American Continental"]
[Site "Montevideo URU"]
[Date "2015.05.20"]
[Round "7.66"]
[White "Guisande, Fernando"]
[Black "Larrea, Daniela"]
[Result "1-0"]
[WhiteElo "1898"]
[BlackElo "1705"]
[WhiteFideId "3002918"]
[BlackFideId "3003000"]
[EventDate "2015.05.15"]
[EventType "swiss"]

1. e4 c5 2. Nf3 d6 3. d4 cxd4 4. Nxd4 Nf6 5. Nc3 g6 6. Bc4 Bg7 7. O-O O-O 8. Bg5
Nc6 9. Nde2 Ne5 10. Bb3 h6 11. Bh4 b6 12. f4 Ned7 13. a4 Bb7 14. f5 g5 15. Bf2
Nxe4 16. Bd4 Ndf6 17. h4 Nxc3 18. Bxc3 d5 19. hxg5 hxg5 20. Qc1 Nh7 21. Qe3 Qd6
22. Nd4 Qh6 23. Qxe7 g4 24. Qe1 Rad8 25. Qf2 Be5 26. g3 Qh3 27. Qg2 Qxg3 28.
Qxg3 Bxg3 29. Bb4 Be5 30. c3 Nf6 31. Bxf8 Kxf8 32. Rae1 Ne4 33. Rd1 Kg7 34. Nb5
Ba6 35. Bxd5 Ng3 36. Rfe1 Bxb5 37. axb5 Kf6 38. Kg2 Nh5 39. Bc6 Rh8 40. Rh1 Nf4+
41. Kf1 Nh5 42. Rg1 Ng3+ 43. Kf2 Rh2+ 44. Rg2 Rxg2+ 45. Kxg2 Nxf5 46. Rd7 Ne3+
47. Kg1 Ke6 48. Rxa7 Nc4 49. Bd7+ Kf6 50. Bxg4 Nxb2 51. Rb7 Kg5 52. Be2 Bxc3 53.
Rxf7 Bd4+ 54. Kf1 Na4 55. Ke1 Bc3+ 56. Kd1 Nc5 57. Kc2 Bd4 58. Bd3 Ne6 59. Rf5+
Kg4 60. Rd5 Bc5 1-0

[Event "10th American Continental"]
[Site "Montevideo URU"]
[Date "2015.05.20"]
[Round "7.67"]
[White "De la Torre, Andres"]
[Black "Gomes, Carlos Henrique Caldeira"]
[Result "1/2-1/2"]
[WhiteElo "1699"]
[BlackElo "1894"]
[WhiteFideId "3005186"]
[BlackFideId "2120160"]
[EventDate "2015.05.15"]
[EventType "swiss"]

1. g3 Nf6 2. Bg2 g6 3. d4 d5 4. c3 Bg7 5. Nf3 O-O 6. O-O Nc6 7. Bf4 Nh5 8. Bg5
h6 9. Bd2 Bf5 10. Nh4 Be4 11. f3 Bxb1 12. Qxb1 e6 13. f4 Ne7 14. e4 dxe4 15.
Bxe4 c6 16. Bxg6 fxg6 17. Nxg6 Nxg6 18. Qxg6 Qd5 19. f5 Rxf5 20. Bxh6 Raf8 21.
Rxf5 Qxf5 22. Qxf5 exf5 23. Bxg7 Kxg7 24. Re1 Nf6 25. Kg2 Re8 26. Rxe8 Nxe8 27.
Kf3 Kf6 28. g4 Nd6 29. gxf5 Kxf5 30. Ke2 Ke4 31. Kd2 Kd5 32. Kd3 1/2-1/2

[Event "10th American Continental"]
[Site "Montevideo URU"]
[Date "2015.05.20"]
[Round "7.68"]
[White "Garcia La Rosa, Lorena Estefania"]
[Black "Perez, Cecilia Manuela"]
[Result "1-0"]
[WhiteTitle "WCM"]
[WhiteElo "2017"]
[BlackElo "1525"]
[WhiteFideId "3901262"]
[BlackFideId "3003191"]
[EventDate "2015.05.15"]
[EventType "swiss"]

1. e4 e6 2. c4 d5 3. cxd5 exd5 4. exd5 Qxd5 5. Nc3 Qd8 6. d4 Nf6 7. Bg5 Be7 8.
Bc4 O-O 9. Nge2 Bf5 10. O-O Ne4 11. Be3 Nxc3 12. bxc3 Nc6 13. Ng3 Bg6 14. a4 Na5
15. Ba2 Rc8 16. Qf3 Bg5 17. Bxg5 Qxg5 18. Ne4 Qf5 19. Qxf5 Bxf5 20. Ng3 Bd3 21.
Rfd1 Bc4 22. Nf5 Rfe8 23. Ne3 Bxa2 24. Rxa2 Nc6 25. a5 Red8 26. f4 Ne7 27. c4
Rd6 28. d5 Rcd8 29. Rb1 Rb8 30. Rab2 b6 31. c5 Rdd8 32. cxb6 cxb6 33. axb6 axb6
34. Rxb6 Rbc8 35. d6 Nc6 36. Rd1 Rd7 37. Nf5 g6 38. Rxc6 1-0

[Event "10th American Continental"]
[Site "Montevideo URU"]
[Date "2015.05.20"]
[Round "7.69"]
[White "Pereira, Armando Scharlau"]
[Black "Lanzilotta, Marcelo"]
[Result "1/2-1/2"]
[WhiteElo "1717"]
[BlackElo "2006"]
[WhiteFideId "2122006"]
[BlackFideId "3001750"]
[EventDate "2015.05.15"]
[EventType "swiss"]

1. c4 c6 2. d4 d5 3. e3 Nf6 4. Nf3 Bg4 5. Be2 e6 6. O-O Bd6 7. h3 Bh5 8. Nc3
Nbd7 9. c5 Bb8 10. Nh2 Bxe2 11. Qxe2 O-O 12. f4 b6 13. b4 a5 14. b5 bxc5 15.
bxc6 cxd4 16. exd4 Nb6 17. Ba3 Bd6 18. Bc5 Nc4 19. Rab1 Bxc5 20. dxc5 Qc7 21. f5
Rab8 22. Ng4 Nxg4 23. Qxg4 exf5 24. Qxf5 Nd2 25. Qd7 Qg3 26. Nxd5 Nxb1 27. Ne7+
Kh8 28. Rxf7 Qe1+ 29. Kh2 Qe5+ 30. Kh1 Qe1+ 31. Kh2 Qe5+ 32. Kh1 Rbd8 33. c7
Qe1+ 34. Kh2 Qe5+ 35. Kh1 Qe1+ 36. Kh2 Qe5+ 37. Kh1 Qe1+ 1/2-1/2

[Event "10th American Continental"]
[Site "Montevideo URU"]
[Date "2015.05.20"]
[Round "7.70"]
[White "Gauche, Eduardo"]
[Black "Reolon, Victor"]
[Result "1-0"]
[WhiteElo "1927"]
[BlackElo "1711"]
[WhiteFideId "2128209"]
[BlackFideId "3002942"]
[EventDate "2015.05.15"]
[EventType "swiss"]

1. d4 Nf6 2. c4 g6 3. Nc3 d5 4. Nf3 Bg7 5. Bf4 c6 6. e3 O-O 7. h3 Nbd7 8. cxd5
Nxd5 9. Nxd5 cxd5 10. Bd3 Qa5+ 11. Qd2 Qxd2+ 12. Kxd2 Nb6 13. Rac1 Bf6 14. Rc7
e6 15. Bg5 Bxg5 16. Nxg5 Rb8 17. Nf3 f6 18. e4 Rd8 19. e5 Nc4+ 20. Bxc4 dxc4 21.
exf6 Rf8 22. Rg7+ Kh8 23. Ng5 Rxf6 24. Rxh7+ Kg8 25. Rc7 Rxf2+ 26. Ke3 Rxg2 27.
Ne4 e5 28. dxe5 Bf5 29. Rd1 Bxe4 30. Kxe4 Re2+ 31. Kf3 Rxe5 32. Rdd7 Rf8+ 33.
Kg3 Rg5+ 34. Kh4 Rh5+ 35. Kg4 Re8 36. Rg7+ Kh8 37. Rxg6 Rh7 38. Rxc4 Rd7 39. Rg5
Rde7 40. Rh5+ Kg8 41. Rg5+ Kh8 42. h4 Re4+ 43. Rxe4 Rxe4+ 44. Kh5 Re6 45. Rd5
Rb6 46. b3 Kg8 47. Kg5 a6 48. h5 Kh7 49. Rd7+ Kg8 50. h6 Rb5+ 51. Kf4 b6 52.
Rg7+ Kh8 53. Rg5 Rb4+ 54. Ke5 Kh7 55. Kd6 Kxh6 56. Rg3 a5 57. a3 Rf4 58. Kc6
Rf6+ 59. Kb5 Kh5 60. a4 Kh4 61. Rc3 Kg4 62. Rc6 Rf3 63. Rxb6 Rxb3+ 64. Kxa5 Re3
65. Ka6 Kf5 66. a5 Ra3 67. Rb5+ Ke6 68. Kb7 Rd3 69. a6 Rd7+ 70. Kb6 Rd6+ 71. Ka5
Rd7 72. Rb6+ Kd5 73. Rb7 Rd6 74. a7 Rc6 75. a8=Q 1-0

[Event "10th American Continental"]
[Site "Montevideo URU"]
[Date "2015.05.20"]
[Round "7.71"]
[White "Porteiro, Rodrigo"]
[Black "Braga, Jose Pereira"]
[Result "1/2-1/2"]
[WhiteElo "1727"]
[BlackElo "1911"]
[WhiteFideId "3006140"]
[BlackFideId "2103435"]
[EventDate "2015.05.15"]
[EventType "swiss"]

1. e4 d6 2. d4 Nf6 3. Nc3 g6 4. f4 Bg7 5. Nf3 O-O 6. Bd3 c6 7. O-O Bg4 8. h3
Bxf3 9. Qxf3 Nbd7 10. f5 Qb6 11. Ne2 c5 12. c3 Rac8 13. dxc5 Nxc5 14. Kh1 Nxd3
15. Qxd3 Qc6 16. Ng3 Qc4 17. Qxc4 Rxc4 18. Re1 Nd7 19. Be3 Be5 20. Bf2 a6 21.
Nf1 Rfc8 22. Nd2 R4c6 23. Nf3 b5 24. Nd4 Rc4 25. a3 Nc5 26. Re2 Nd3 27. Bg1 Kg7
28. Rd1 Nc5 29. g4 Nd7 30. Rc2 Rh8 31. Be3 Nf6 32. Bg5 Rhc8 33. Bxf6+ Bxf6 34.
Rcd2 R8c5 35. Kg2 h5 36. Kf3 hxg4+ 37. hxg4 Rc8 38. Rh1 Rh8 39. Rxh8 Kxh8 40.
fxg6 fxg6 41. Rh2+ Kg8 42. Ne6 Kf7 43. Nf4 g5 44. Nd5 e6 45. Nxf6 Kxf6 46. Rh6+
Kf7 47. Rh7+ Kf6 48. Ra7 Rc6 49. Ke3 Ke5 50. Kf3 1/2-1/2

[Event "10th American Continental"]
[Site "Montevideo URU"]
[Date "2015.05.20"]
[Round "7.72"]
[White "Quevedo, Andreina"]
[Black "Croes, Octavio"]
[Result "1-0"]
[BlackTitle "CM"]
[WhiteElo "1661"]
[BlackElo "1887"]
[WhiteFideId "3004147"]
[BlackFideId "1007220"]
[EventDate "2015.05.15"]
[EventType "swiss"]

1. e4 c5 2. Nf3 d6 3. d4 cxd4 4. Nxd4 Nf6 5. Nc3 a6 6. Be2 e5 7. Nb3 Be6 8. O-O
Be7 9. f4 Qb6+ 10. Kh1 O-O 11. f5 Bxb3 12. axb3 Nc6 13. Qd3 Qd4 14. Qf3 b5 15.
Be3 Qb4 16. Bd3 Nd4 17. Qg3 Rfd8 18. Nd1 d5 19. Bh6 Bf8 20. c3 Qxb3 21. Bxg7
Bxg7 22. Ra3 dxe4 23. Rxb3 Nxb3 24. Bc2 Na1 25. Bb1 Rd2 26. Qxe5 Rad8 27. Ne3
Rxb2 28. Bxe4 Nxe4 29. Qxe4 Bxc3 30. Rxa1 Rb4 31. Qe7 Rbd4 32. Rf1 R4d6 33. Qg5+
Kf8 34. h3 b4 35. Qh5 Bd2 36. Nc4 Rh6 37. Qe2 Bc3 38. Rd1 Re8 39. Qf2 Rc6 40.
Ne3 Be5 41. Ng4 Bc3 42. f6 b3 43. Qh4 Rb8 44. Qh6+ Ke8 45. Qe3+ Kf8 46. Qe7+ Kg8
47. Nh6+ 1-0

[Event "10th American Continental"]
[Site "Montevideo URU"]
[Date "2015.05.20"]
[Round "7.73"]
[White "Nakle, Gonzalo"]
[Black "Anza, Vicenzo"]
[Result "1-0"]
[WhiteElo "1737"]
[BlackElo "1486"]
[WhiteFideId "3002250"]
[BlackFideId "3007510"]
[EventDate "2015.05.15"]
[EventType "swiss"]

1. e4 e5 2. Nf3 Nc6 3. Bb5 a6 4. Ba4 Nf6 5. O-O b5 6. Bb3 Bc5 7. Nxe5 O-O 8.
Nxc6 dxc6 9. d3 Bg4 10. Qe1 Qd7 11. Be3 Bd6 12. f4 Be7 13. Nd2 Be6 14. f5 Bxb3
15. Nxb3 Rad8 16. Qg3 Kh8 17. Rf3 Rg8 18. Raf1 g6 19. Qe5 gxf5 20. Rxf5 Rg6 21.
Rxf6 Bxf6 22. Rxf6 Rxg2+ 23. Kxg2 Qg4+ 24. Kh1 Kg8 25. Rf1 Qe2 26. Rg1+ Kf8 27.
Bh6# 1-0

[Event "10th American Continental"]
[Site "Montevideo URU"]
[Date "2015.05.20"]
[Round "7.74"]
[White "Rodriguez Fuentealba, Diego"]
[Black "Pelaez, Diego"]
[Result "0-1"]
[WhiteElo "1522"]
[BlackElo "1567"]
[WhiteFideId "3422704"]
[BlackFideId "3006476"]
[EventDate "2015.05.15"]
[EventType "swiss"]

1. e4 g6 2. d4 Bg7 3. Nf3 d6 4. Bc4 e6 5. Nc3 a6 6. a4 Ne7 7. Be3 O-O 8. O-O Nd7
9. Qd2 Nc6 10. Bh6 e5 11. d5 Ne7 12. Bxg7 Kxg7 13. Qe3 h6 14. Nd2 g5 15. h4 Ng6
16. hxg5 hxg5 17. Nf3 f6 18. Ne2 Rh8 19. Ng3 Nb6 20. Bd3 Nf4 21. Ne2 Qg8 22. Nh2
Qh7 23. Qg3 Kf7 24. Ra3 Bd7 25. a5 Na4 26. Rb3 Nc5 27. Rc3 Ncxd3 28. Nxf4 Nxf4 0-1

[Event "10th American Continental"]
[Site "Montevideo URU"]
[Date "2015.05.21"]
[Round "8.2"]
[White "Shabalov, Alexander"]
[Black "Cori, Jorge"]
[Result "0-1"]
[WhiteTitle "GM"]
[BlackTitle "GM"]
[WhiteElo "2523"]
[BlackElo "2609"]
[WhiteFideId "2008572"]
[BlackFideId "3802272"]
[EventDate "2015.05.15"]
[EventType "swiss"]

1. e4 c5 2. Nf3 Nc6 3. d4 cxd4 4. Nxd4 e6 5. Nc3 Qc7 6. Be2 a6 7. O-O Nf6 8. Be3
Bb4 9. Na4 Be7 10. c4 Nxe4 11. c5 O-O 12. Rc1 f5 13. g3 Nf6 14. Nb6 Rb8 15. Re1
Bxc5 16. Nxe6 dxe6 17. Bxc5 Rd8 18. Qb3 Kh8 19. Nxc8 Qxc8 20. Bb6 Rd6 21. Bc4
Nd5 22. Red1 Qd7 23. Qa3 Ne5 24. Bc7 Nxc4 25. Rxc4 Rc8 26. Bxd6 Rxc4 27. Be5 Kg8
28. Qf3 h6 29. b3 Rc2 30. g4 fxg4 31. Qxg4 Qf7 32. Bg3 Rxa2 33. Re1 Qf5 34. Qd4
Rc2 35. Qa7 Qf7 36. Qb8+ Kh7 37. Qe5 Rc3 38. Qe4+ Qf5 39. Qa4 Rc6 40. Qd4 Qf3
41. Be5 Rb6 0-1

[Event "10th American Continental"]
[Site "Montevideo URU"]
[Date "2015.05.21"]
[Round "8.3"]
[White "Flores, Diego"]
[Black "Pichot, Alan"]
[Result "1-0"]
[WhiteTitle "GM"]
[BlackTitle "IM"]
[WhiteElo "2567"]
[BlackElo "2504"]
[WhiteFideId "108049"]
[BlackFideId "110973"]
[EventDate "2015.05.15"]
[EventType "swiss"]

1. Nf3 Nf6 2. c4 g6 3. g3 Bg7 4. Bg2 O-O 5. Nc3 d6 6. d4 Nc6 7. O-O Bf5 8. b3
Ne4 9. Nd5 Bd7 10. Bb2 e6 11. Nf4 Re8 12. Qc2 f5 13. Rad1 e5 14. Nd5 exd4 15.
Nxd4 Ne5 16. Nc3 Nc5 17. b4 Ne6 18. Bxb7 Nxd4 19. Rxd4 Rb8 20. Bd5+ Kh8 21. b5
Nf3+ 22. exf3 Bxd4 23. Ne4 Bg7 24. Bxg7+ Kxg7 25. Qc3+ Kh6 26. Nf6 Rf8 27. Qe3+
f4 28. Qxf4+ Kg7 29. Nxd7 Rxf4 30. Nxb8 Rf8 31. Nc6 Qf6 32. Re1 Qb2 33. Re7+ Kh8
34. a4 Qa1+ 35. Kg2 Qxa4 36. Nd4 h6 37. Ne6 Rf6 38. Nxc7 Qa5 39. h4 Qb6 40. Be4
Qd4 41. Nd5 Rf5 42. Bxf5 gxf5 43. Rc7 Qa1 44. h5 Qd4 45. Ne7 Qd3 46. Rxa7 1-0

[Event "10th American Continental"]
[Site "Montevideo URU"]
[Date "2015.05.21"]
[Round "8.4"]
[White "Di Berardino, Diego Rafael"]
[Black "Yermolinsky, Alex"]
[Result "1/2-1/2"]
[WhiteTitle "IM"]
[BlackTitle "GM"]
[WhiteElo "2489"]
[BlackElo "2531"]
[WhiteFideId "2105446"]
[BlackFideId "2005492"]
[EventDate "2015.05.15"]
[EventType "swiss"]

1. e4 c5 2. Nf3 d6 3. d4 cxd4 4. Nxd4 Nf6 5. Nc3 Nc6 6. Bc4 Qb6 7. Nb3 e6 8. Bf4
Ne5 9. Be2 a6 10. O-O Be7 11. Be3 Qc7 12. f4 Nc6 13. a4 b6 14. Bf3 Bb7 15. Qe2
O-O 16. g4 Rfe8 17. g5 Nd7 18. Bg2 Bf8 19. Rad1 Rad8 20. Rf3 Nb4 21. Rh3 g6 22.
Qf2 Bg7 23. Qh4 Nf8 24. Qf2 Nd7 25. Qh4 Nf8 26. Qf2 1/2-1/2

[Event "10th American Continental"]
[Site "Montevideo URU"]
[Date "2015.05.21"]
[Round "8.5"]
[White "El Debs, Felipe de Cresce"]
[Black "Quesada Perez, Yuniesky"]
[Result "0-1"]
[WhiteTitle "GM"]
[BlackTitle "GM"]
[WhiteElo "2527"]
[BlackElo "2645"]
[WhiteFideId "2106981"]
[BlackFideId "3504409"]
[EventDate "2015.05.15"]
[EventType "swiss"]

1. d4 Nf6 2. c4 e6 3. Nc3 Bb4 4. e3 O-O 5. Ne2 d5 6. a3 Be7 7. cxd5 exd5 8. Nf4
Re8 9. Bd3 Bd6 10. O-O Bxf4 11. exf4 Nc6 12. Be3 Ne7 13. Qc2 g6 14. f3 Bf5 15.
g4 Bxd3 16. Qxd3 Qd6 17. Rae1 h5 18. h3 hxg4 19. hxg4 Kg7 20. Kg2 a6 21. Qd2 Nd7
22. Bf2 Nf8 23. Re5 f6 24. f5 gxf5 25. Bg3 Qc6 26. Re2 Nfg6 27. Rh1 Rh8 28. Rhe1
Kf7 29. Nd1 Rae8 30. Nf2 Qd7 31. g5 f4 32. Ng4 fxg3 33. gxf6 Nf5 34. Kg1 Rxe2
35. Rxe2 Re8 36. Ne5+ Nxe5 37. dxe5 Ke6 0-1

[Event "10th American Continental"]
[Site "Montevideo URU"]
[Date "2015.05.21"]
[Round "8.6"]
[White "Hevia Alejano, Carlos Antonio"]
[Black "Bachmann, Axel"]
[Result "1/2-1/2"]
[WhiteTitle "IM"]
[BlackTitle "GM"]
[WhiteElo "2535"]
[BlackElo "2636"]
[WhiteFideId "3508811"]
[BlackFideId "3700488"]
[EventDate "2015.05.15"]
[EventType "swiss"]

1. e4 e5 2. Nf3 Nc6 3. Bb5 a6 4. Ba4 Nf6 5. O-O b5 6. Bb3 Be7 7. Re1 d6 8. c3
O-O 9. h3 Bb7 10. d4 Nd7 11. Nbd2 exd4 12. cxd4 Bf6 13. Nf1 Na5 14. Bc2 Re8 15.
Bf4 c5 16. b4 Nc4 17. bxc5 dxc5 18. e5 Bxf3 19. Qxf3 Bg5 20. e6 fxe6 21. Bxg5
Qxg5 22. Rxe6 cxd4 23. Rae1 Nf6 24. Rxe8+ Rxe8 25. Rxe8+ Nxe8 26. Qc6 Ned6 27.
Qa8+ Kf7 28. Bxh7 a5 29. Qa7+ Kf6 30. Qxd4+ Qe5 31. Qh4+ Qg5 32. Qd4+ Qe5 33.
Qd3 Qa1 34. Kh2 a4 35. Nd2 Qe5+ 36. g3 Qb2 37. Qf3+ Ke7 38. Nxc4 Nxc4 39. Qb7+
Kd6 40. Kg1 Kc5 41. Qe7+ Kb6 42. Qd8+ Kc5 43. Qc7+ Kb4 44. Qe7+ Ka5 1/2-1/2

[Event "10th American Continental"]
[Site "Montevideo URU"]
[Date "2015.05.21"]
[Round "8.9"]
[White "Henriquez Villagra, Cristobal"]
[Black "Mareco, Sandro"]
[Result "0-1"]
[WhiteTitle "IM"]
[BlackTitle "GM"]
[WhiteElo "2478"]
[BlackElo "2581"]
[WhiteFideId "3409350"]
[BlackFideId "112275"]
[EventDate "2015.05.15"]
[EventType "swiss"]

1. d4 Nf6 2. c4 e6 3. Nf3 b6 4. a3 Bb7 5. Nc3 d5 6. Bg5 Be7 7. Bxf6 Bxf6 8. cxd5
exd5 9. Qb3 O-O 10. Rd1 c6 11. e3 Nd7 12. Bd3 g6 13. O-O Bg7 14. Rfe1 Nf6 15. e4
dxe4 16. Nxe4 Qc7 17. Ne5 Rad8 18. Ng5 Nd5 19. Be4 h6 20. Ngf3 Rd6 21. Rc1 Rc8
22. h4 c5 23. h5 g5 24. Bf5 Rcd8 25. dxc5 bxc5 26. Qc2 Nf4 27. Qxc5 Qxc5 28.
Rxc5 Rd1 29. Rxd1 Rxd1+ 30. Kh2 Bxe5 31. Rxe5 Bxf3 32. gxf3 Rf1 33. Be4 Rxf2+
34. Kg1 Rxb2 35. Ra5 Nxh5 36. Rxa7 Nf4 37. a4 h5 38. a5 h4 39. a6 h3 40. Ra8+
Kg7 41. a7 h2+ 42. Kh1 Nh5 43. Rg8+ Kf6 0-1

[Event "10th American Continental"]
[Site "Montevideo URU"]
[Date "2015.05.21"]
[Round "8.10"]
[White "Perez Ponsa, Federico"]
[Black "Mekhitarian, Krikor Sevag"]
[Result "1/2-1/2"]
[WhiteTitle "GM"]
[BlackTitle "GM"]
[WhiteElo "2533"]
[BlackElo "2572"]
[WhiteFideId "117927"]
[BlackFideId "2107660"]
[EventDate "2015.05.15"]
[EventType "swiss"]

1. e4 e5 2. Nf3 Nc6 3. Bb5 a6 4. Ba4 Nf6 5. O-O Be7 6. d3 d6 7. c3 O-O 8. Re1 b5
9. Bc2 d5 10. Nbd2 dxe4 11. dxe4 Be6 12. h3 Nd7 13. Qe2 Nb6 14. Bb3 Qd7 15. Nf1
Bc4 16. Bxc4 Nxc4 17. b3 Nd6 18. Ba3 Rfd8 19. Rad1 Qe6 20. Rd5 f6 21. Red1 Nf7
22. Bc1 Bd6 23. Ne3 Ne7 24. R5d3 c6 25. Nh4 Bc7 26. Nef5 Nxf5 27. Nxf5 g6 28.
Qg4 Kh8 29. Bh6 Nxh6 30. Nxh6 Qxg4 31. Nxg4 Rxd3 32. Rxd3 Rd8 33. Rxd8+ Bxd8 34.
Kf1 Kg7 35. Ke2 Kf7 36. f3 Ke6 37. Nf2 Bb6 38. Nd3 Kd6 39. Kd2 Bg1 40. Nb4 a5
41. Nd3 Bb6 42. Ke2 Ke6 43. g3 f5 44. a3 Bg1 45. c4 Bd4 46. cxb5 cxb5 47. a4
bxa4 48. bxa4 Kf6 49. Nc1 Kg5 50. Nb3 Bb6 51. Kf1 h5 52. Nd2 f4 53. Nc4 1/2-1/2

[Event "10th American Continental"]
[Site "Montevideo URU"]
[Date "2015.05.21"]
[Round "8.11"]
[White "Molina, Roberto Junio Brito"]
[Black "Kaidanov, Gregory S"]
[Result "1/2-1/2"]
[WhiteTitle "IM"]
[BlackTitle "GM"]
[WhiteElo "2455"]
[BlackElo "2566"]
[WhiteFideId "2109450"]
[BlackFideId "2008564"]
[EventDate "2015.05.15"]
[EventType "swiss"]

1. d4 Nf6 2. c4 c5 3. d5 e6 4. Nc3 exd5 5. cxd5 d6 6. e4 g6 7. h3 Bg7 8. Nf3 a6
9. a4 O-O 10. Bd3 Nh5 11. O-O Nd7 12. Re1 Rb8 13. Bg5 Bf6 14. Be3 Ne5 15. Be2
Nxf3+ 16. Bxf3 Ng7 17. Bf4 Re8 18. Qd2 Be5 19. Bxe5 Rxe5 20. Be2 Bd7 21. f4 Re8
22. Bf3 f6 23. Qf2 b5 24. axb5 axb5 25. e5 fxe5 26. fxe5 Bf5 27. e6 Qe7 28. Ra5
b4 29. Nb5 Rb7 30. Rea1 Bd3 31. Na7 c4 32. Nc6 Qf6 33. Be2 Qxb2 34. Bxd3 Qxf2+
35. Kxf2 cxd3 36. Ke3 b3 37. Kxd3 b2 38. Rb1 Rb6 39. Nd4 Reb8 40. Ra2 Kf8 41.
Nc6 Rc8 42. Raxb2 Rxb2 43. Rxb2 Nxe6 44. Rf2+ Kg7 45. dxe6 Rxc6 46. Rf7+ Kg8 47.
Rd7 Kf8 48. Rxh7 Rc5 49. Rf7+ Ke8 50. Rg7 g5 51. Kd4 Re5 52. g3 Kf8 53. Rg6 Ke7
54. Kd3 Kf8 55. Kc4 Ke8 56. Kd4 Ke7 57. Kd3 Kf8 58. Kc2 Ke7 59. Kd3 Ke8 60. Kc4
Kf8 61. g4 Ke7 62. Kd4 Rxe6 63. Rg7+ Kf6 64. Rd7 Kg6 65. Kd5 Re3 66. Rxd6+ Kg7
67. Kd4 Rxh3 68. Ke4 Ra3 69. Rd5 1/2-1/2

[Event "10th American Continental"]
[Site "Montevideo URU"]
[Date "2015.05.21"]
[Round "8.12"]
[White "Gonzalez Vidal, Yuri"]
[Black "Starke, Bruno Orlando"]
[Result "1-0"]
[WhiteTitle "GM"]
[WhiteElo "2550"]
[BlackElo "2133"]
[WhiteFideId "3503321"]
[BlackFideId "2128713"]
[EventDate "2015.05.15"]
[EventType "swiss"]

1. Nf3 c5 2. c4 Nf6 3. Nc3 e6 4. g3 b6 5. Bg2 Bb7 6. O-O Be7 7. Re1 O-O 8. e4 d6
9. d4 cxd4 10. Nxd4 Qc8 11. b3 a6 12. Bb2 Nbd7 13. Rc1 Rd8 14. f4 Ra7 15. f5 e5
16. Nd5 Bf8 17. Ne6 fxe6 18. fxe6 Nxd5 19. cxd5 Qb8 20. exd7 Rxd7 21. Bh3 Rc7
22. Be6+ Kh8 23. Qh5 g6 24. Bxe5+ Bg7 25. Bxg7+ Kxg7 26. Qg5 Ba8 27. Rf1 Rxc1
28. Qf6+ Kh6 29. Rxc1 Rc7 30. Rf1 Qe8 31. Rf4 1-0

[Event "10th American Continental"]
[Site "Montevideo URU"]
[Date "2015.05.21"]
[Round "8.13"]
[White "Granda Zuniga, Julio E"]
[Black "Martinez Romero, Martin"]
[Result "1-0"]
[WhiteTitle "GM"]
[BlackTitle "IM"]
[WhiteElo "2650"]
[BlackElo "2404"]
[WhiteFideId "3800024"]
[BlackFideId "4404025"]
[EventDate "2015.05.15"]
[EventType "swiss"]

1. d4 Nf6 2. c4 e6 3. Nc3 Bb4 4. e3 c5 5. Ne2 cxd4 6. exd4 d5 7. a3 Be7 8. c5
O-O 9. b4 b6 10. g3 a5 11. Rb1 axb4 12. axb4 Bb7 13. Bg2 Nbd7 14. O-O e5 15.
dxe5 Nxe5 16. cxb6 Qxb6 17. Be3 Qd8 18. Nf4 Rb8 19. Ba7 Ra8 20. Bd4 Ng6 21. Bxf6
Bxf6 22. Ncxd5 Nxf4 23. Nxf4 Bxg2 24. Kxg2 Ra2 25. Nd5 Bg5 26. Qf3 Re8 27. b5 1-0

[Event "10th American Continental"]
[Site "Montevideo URU"]
[Date "2015.05.21"]
[Round "8.14"]
[White "Cordova, Emilio"]
[Black "Lujan, Carolina"]
[Result "0-1"]
[WhiteTitle "GM"]
[BlackTitle "IM"]
[WhiteElo "2629"]
[BlackElo "2353"]
[WhiteFideId "3801497"]
[BlackFideId "109878"]
[EventDate "2015.05.15"]
[EventType "swiss"]

1. c4 Nf6 2. Nc3 d5 3. cxd5 Nxd5 4. g3 g6 5. Bg2 Nb6 6. d3 Bg7 7. Be3 O-O 8. Qd2
Re8 9. Bh6 Bh8 10. h4 e6 11. h5 Qe7 12. hxg6 hxg6 13. Nf3 N8d7 14. Rh2 Nd5 15.
e4 Nxc3 16. bxc3 Qa3 17. Nd4 Ne5 18. f3 Nc6 19. Ne2 e5 20. Kf2 Be6 21. Rah1 f6
22. Bf8 Kxf8 23. Rxh8+ Ke7 24. R1h7+ Bf7 25. Rxf7+ Kxf7 26. Rh7+ Ke6 27. Bh3+
Kd6 28. d4 Rad8 29. Rf7 Rf8 30. Rg7 Na5 31. dxe5+ Kc6 32. Bd7+ Kb6 33. e6 Qc5+
34. Qd4 Rh8 35. Nf4 Rh2+ 36. Kg1 Qxd4+ 37. cxd4 Rdh8 38. e7 Rh1+ 39. Kf2 Ra1 40.
Nd5+ Ka6 41. Nxc7+ Kb6 42. Nd5+ Ka6 43. Nb4+ Kb6 44. e8=Q Rh2+ 45. Ke3 Nc4+ 46.
Kf4 g5+ 47. Kg4 Ne3# 0-1

[Event "10th American Continental"]
[Site "Montevideo URU"]
[Date "2015.05.21"]
[Round "8.15"]
[White "Felgaer, Ruben"]
[Black "Disconzi da Silva, Rodrigo"]
[Result "1-0"]
[WhiteTitle "GM"]
[BlackTitle "IM"]
[WhiteElo "2582"]
[BlackElo "2339"]
[WhiteFideId "107069"]
[BlackFideId "2100991"]
[EventDate "2015.05.15"]
[EventType "swiss"]

1. e4 g6 2. d4 Bg7 3. Nc3 a6 4. a4 d6 5. f4 Nf6 6. Nf3 O-O 7. Bd3 Nc6 8. O-O Bg4
9. e5 dxe5 10. dxe5 Nd5 11. h3 Nxc3 12. bxc3 Bf5 13. Rb1 Rb8 14. Ba3 Qd7 15. Qe2
Bh6 16. Bxf5 Qxf5 17. Nd4 Nxd4 18. cxd4 Qd7 19. c3 Rfe8 20. a5 f5 21. Qf3 Qa4
22. Ra1 Qc6 23. d5 Qc4 24. Rad1 Qb5 25. c4 Qxc4 26. Rc1 Qd4+ 27. Kh1 Rbd8 28.
Rxc7 Qxd5 29. Bxe7 Qxf3 30. Rxf3 Rd5 31. g4 Rxa5 32. g5 Bf8 33. Bf6 Bb4 34. Rg7+
Kf8 35. Rxh7 Be7 36. Rh8+ Kf7 37. e6+ 1-0

[Event "10th American Continental"]
[Site "Montevideo URU"]
[Date "2015.05.21"]
[Round "8.16"]
[White "Santiago, Yago De Moura"]
[Black "Alonso, Salvador"]
[Result "1/2-1/2"]
[WhiteTitle "IM"]
[BlackTitle "GM"]
[WhiteElo "2400"]
[BlackElo "2488"]
[WhiteFideId "2103877"]
[BlackFideId "105198"]
[EventDate "2015.05.15"]
[EventType "swiss"]

1. e4 c5 2. Nf3 Nc6 3. d4 cxd4 4. Nxd4 g6 5. c4 Bg7 6. Be3 Nf6 7. Nc3 d6 8. Be2
O-O 9. O-O Nxd4 10. Bxd4 Bd7 11. b4 a5 12. a3 Be6 13. Rc1 axb4 14. axb4 Rc8 15.
Qb3 Nd7 16. Bxg7 Kxg7 17. Nd5 Bxd5 18. exd5 Nf6 19. Qe3 Re8 20. Qd4 b6 21. Ra1
Qc7 22. Ra6 e6 1/2-1/2